| 000 | 00860nam a2200229Ii 4500 | ||
|---|---|---|---|
| 003 | JO-AjNU | ||
| 008 | 230605s9999||||xx |||||||||||||| ||und|| | ||
| 017 | _a2009/20084 | ||
| 020 | _a977-422-057-9 | ||
| 040 |
_aJO-AjNU _bara _erda _cJO-AjNU |
||
| 041 | _aara | ||
| 050 | 1 | 4 | _aHD4905.A283.2010 |
| 100 | 3 |
_aابو بكر،مصطفى محمود, _eauthor _932645 |
|
| 245 | 0 | 0 | _aاخلاقيات وقيم العمل في المنظمات المعاصرة:منهج استراتيجي سلوكي لبقاء المنظمات واستقرارها ونموها |
| 250 | _aط1 | ||
| 264 | 3 | 1 | _aالاسكندرية:الدار الجامعية،2010 |
| 300 | _a700ص | ||
| 336 |
_atext _btxt _2rdacontent |
||
| 337 |
_aunmediated _bn _2rdamedia |
||
| 338 |
_avolume _bnc _2rdacarrier |
||
| 650 | 4 |
_aادارة الاعمال-الاخلاق المهنية _932646 |
|
| 999 |
_aA13204 _c16772 _d16772 |
||